Online
Catalog

Guía completa de perros / (Record no. 9006)

MARC details
000 -CABECERA
campo de control de longitud fija 03235nam a2200325 u 4500
001 - NÚMERO DE CONTROL
campo de control 000009243
005 - FECHA Y HORA DE LA ÚLTIMA TRANSACCIÓN
campo de control 20200929161529.0
008 - DATOS DE LONGITUD FIJA--INFORMACIÓN GENERAL
campo de control de longitud fija 090929s2002 dr ac 000 0 spa d
020 ## - NÚMERO INTERNACIONAL ESTÁNDAR DEL LIBRO
Número Internacional Estándar del Libro 8466203206
040 ## - FUENTE DE LA CATALOGACIÓN
Centro catalogador/agencia de origen DO-SdBNP
082 ## - NÚMERO DE LA CLASIFICACIÓN DECIMAL DEWEY
Número de clasificación R636.7
Número de documento/Ítem G943c
049 ## - FONDOS LOCALES (OCLC)
Fondos de biblioteca BNGR
100 1# - ENTRADA PRINCIPAL--NOMBRE DE PERSONA
Nombre de persona Whitehead, Sarah
9 (RLIN) 23939
240 10 - TÍTULO UNIFORME
Título uniforme Dog-The Complete Guide
Lenguaje de la obra inglés
245 10 - MENCIÓN DE TÍTULO
Título Guía completa de perros /
Mención de responsabilidad, etc. Sarah Whitehead, Bradley Viner ; colaboradores Beverly Cuddy, Peter Neville ; traducción Macarena Rojo González.
246 14 - FORMA VARIANTE DE TÍTULO
Título propio/Titulo breve Guía completa de perros:
Resto del título salud e higiene, características y comportamiento, las razas y sus peculiaridades
260 ## - PUBLICACIÓN, DISTRIBUCIÓN, ETC.
Lugar de publicación, distribución, etc. Madrid :
Nombre del editor, distribuidor, etc. LIBSA,
Fecha de publicación, distribución, etc. 2002.
270 ## - DIRECCIÓN
Dirección Editora LIBSA, C/San Rafael, 4 28/08 Alcobendas
Ciudad Madrid
País España
Número de teléfono 34-91-657-25-80
Número de fax 34-91-657-25-83
Dirección de correo electrónico [email protected]
-- www.libsa.es
300 ## - DESCRIPCIÓN FÍSICA
Extensión 256 p. :
Otras características físicas il. retrs. ;
Dimensiones 31 cm.
505 0# - NOTA DE CONTENIDO CON FORMATO
Nota de contenido con formato Introducción -- El mejor amigo del hombre -- Conocerlos mejor -- Evolución y domesticación -- Anatomía del perro -- Diferencias morfológicas -- Piel y pelaje -- Órganos internos -- La vista -- El oído -- Olfato y gusto -- Aparato locomotor -- Instintos de caza -- Olfato e instinto de defensa -- Ciclo vital del perro -- Conducta canina -- La socialización -- Inteligencia y comunicación -- Cuidar de un perro -- ¿Por qué un perro? -- Tener un perro -- Qué perro elegir -- Qué cachorro elegir -- Necesidades básicas -- Empezar con buen pie -- Comprenda a su perro -- Necesidades afectivas -- Preparar su llegada -- Toma de contacto -- Adaptación al nuevo hogar -- Contacto físico -- Educación del cachorro -- Enseñanza secundaria -- Educación del perro adulto -- Dejar claro quién manda -- La disciplina -- Controlar los esfínteres -- Espacios habitables -- Proteger casa y perro -- Viajar con perro -- Conducta problemática -- Un perro feliz -- El perro sano -- Nutrición y dietética -- Necesidades higiénicas y estéticas -- El ajuar completo -- Importancia del juego -- Ejercicio físico -- La hora del paseo -- La salud de su perro -- Medicina preventiva -- Enfermedades hereditarias -- La estelirización -- Trastornos oculares, auditivos y odontológicos -- Problemas neurológicos y circulatorios -- Problemas cutáneos -- Problemas osteomusculares y articulares -- Problemas digestivos y respiratorios -- Enfermedades del aparato reproductor y urinario -- Medicina natural -- Enfermería y primeros auxilios -- Criar una camada -- Elegir la pareja -- La gestación -- El parto -- Los recién nacidos -- El perro en acción -- Razas caninas -- Perros rastreadores y de carrera -- Perros de muestra, de cobro y de aguas -- Terriers -- Perros de compañía -- Perros de trabajo -- Razas toy -- Concursos caninos -- El perro y la historia -- Perros famosos... y perros de famosos -- El perro y la cultura -- Direcciones útiles -- Bibliografía recomendada
650 #4 - PUNTO DE ACCESO ADICIONAL DE MATERIA--TÉRMINO DE MATERIA
Término de materia o nombre geográfico como elemento de entrada Perros
9 (RLIN) 12517
650 #4 - PUNTO DE ACCESO ADICIONAL DE MATERIA--TÉRMINO DE MATERIA
Término de materia o nombre geográfico como elemento de entrada Razas de perros
9 (RLIN) 23940
650 #4 - PUNTO DE ACCESO ADICIONAL DE MATERIA--TÉRMINO DE MATERIA
Término de materia o nombre geográfico como elemento de entrada Perros
Subdivisión general Amaestramiento
9 (RLIN) 21878
650 #4 - PUNTO DE ACCESO ADICIONAL DE MATERIA--TÉRMINO DE MATERIA
Término de materia o nombre geográfico como elemento de entrada Alimentos para perros
9 (RLIN) 23941
700 1# - PUNTO DE ACCESO ADICIONAL--NOMBRE DE PERSONA
Nombre de persona Whitehead, Sarah
9 (RLIN) 23939
700 1# - PUNTO DE ACCESO ADICIONAL--NOMBRE DE PERSONA
Nombre de persona Viner, Bradley
9 (RLIN) 23942
700 1# - PUNTO DE ACCESO ADICIONAL--NOMBRE DE PERSONA
Nombre de persona Cuddy, Beverly
9 (RLIN) 23943
700 1# - PUNTO DE ACCESO ADICIONAL--NOMBRE DE PERSONA
Nombre de persona Neville, Peter
9 (RLIN) 23944
700 1# - PUNTO DE ACCESO ADICIONAL--NOMBRE DE PERSONA
Nombre de persona Rojo González, Macarena,
Término indicativo de función/relación tr.
9 (RLIN) 23945
Holdings
Estado de retiro Estado de pérdida Restricciones de uso No para préstamo Código de colección Localización permanente Ubicación/localización actual Ubicación en estantería Fecha de adquisición Número de inventario Total de préstamos Signatura topográfica completa Código de barras Fecha visto por última vez Precio válido a partir de Tipo de ítem Koha
        Patrimonio Dominicano R R En catalogación 29.09.2009 LF1   R636.7 G943c 9243-10 25.06.2020 25.06.2020 Libro y Folleto Colección Patrimonio Dominicano

Powered by Koha